000 00687nam a2200229 a 4500
001 BRL_1802
005 20190320211355.0
008 040815s1946----mx-a######---#000-0#spa-#
041 _aspa
044 _amx
050 4 _aF1386
_b.M49 1946
245 1 0 _aMéxico en el tiempo
_bel marco de la capital
_ceditado por Roberto Olavarria.
260 _aMéxico
_bTalls. de Excelsior
_c1946
300 _a285 p.
_bil.
_c29 cm.
500 _aIncluye índice de personas e índice de materias
500 _aAu1954
651 4 _aMéxico (Ciudad)
_vDescripción
_910032
651 4 _aMéxico (Ciudad)
_xHistoria
_95378
700 1 _aOlavarria, Roberto
_927908
902 _aGRL
942 _2lcc
_cB
999 _c10610
_d10610